Statistics for Pokémon that have Weird Evolution Methods

Click here to take the quiz!

General Stats

  • This quiz has been taken 15 times
  • The average score is 8 of 15

Answer Stats

HintAnswer% Correct
Level up with 170 beautyMilotic
100%
Trade Holding MagmarizerMagmortar
82%
Collect 999 Coins named after the pre-evolutionGholdengo
64%
Trade With The Next PokemonAccelgor
55%
Use Rage Fist 20 TimesAnnihilape
55%
Use Auspicious ArmorArmarouge
55%
Trade With The Former PokemonEscavalier
55%
Use a Tart AppleFlapple
55%
Take 49 damage without dying and walk under the arch in Dusty BowlRunerigus
55%
Level 20, the pre-evolution's attack equal to its defenseHitmontop
45%
Level 25 during duskLycanroc
45%
Walk 1,000 steps in Let's Go ModeBrambleghast
36%
Level 25, no evolution animationMaushold
36%
Level Up in Multiplayer while the pre-evolution is level 38 or higherPalafin
36%
Use a Peat Block under a Full MoonUrsaluna
36%

Score Distribution

Percentile by Number Answered

Percent of People with Each Score

Your Score History

You have not taken this quiz